000 00300nam a22001337a 4500
008 181105b xxu||||| |||| 00| 0 eng d
020 _a9781884303005
041 _aeng
080 _a610
100 _a4
101 _aSHM
245 _aEnzymes, The Foundation of Life
_cLopez, D.A
942 _2udc
_cBK
999 _c51856
_d51856